Get the Picture: Batman Quotes Quiz Stats

 Plays Quiz Updated May 17, 2019

Score 0/16 Timer 02:00
3 Plays Today
Question Answer Wrong Answers
No use, Joker! I knew you'd employ your sneezing powder, so I took an Anti-Allergy Pill! Instead of a sneeze, I've caught you cold! Adam West
93.8%
Christian Bale
2.7%
Let that be a lesson. In future, be more careful from who you accept free lemonade. Adam West
91.8%
Christian Bale
5.1%
It is the duty of every good citizen of Gotham City to report meeting a man from Mars in a public park. Adam West
90.9%
Christian Bale
5.2%
It's sometimes difficult to think clearly when you're strapped to a printing press. Adam West
90.5%
Christian Bale
6.1%
Bartender, a bit of advice. Always inspect a jukebox carefully. These machines can be deadly. Adam West
89.8%
Christian Bale
6.9%
I won’t kill you, but I don’t have to save you. Christian Bale
88.5%
Adam West
8.1%
Only a criminal would disguise himself as a licensed, bonded guard yet callously park in front of a fire hydrant. Adam West
88.3%
Christian Bale
8.3%
Salt and corrosion. The infamous old enemies of the crime fighter. Adam West
87.2%
Christian Bale
9.4%
Because sometimes the truth isn't good enough. Sometimes, people deserve more. Sometimes, people deserve to have their faith rewarded. Christian Bale
86.4%
Adam West
10.2%
I seek the means... to fight injustice. To turn fear against those who prey on the fearful. Christian Bale
83.4%
Adam West
13.4%
Bats frighten me. It's time my enemies shared my dread. Christian Bale
80.2%
Adam West
16.5%
What were you trying to prove? That deep down, everyone's as ugly as you? You're alone! Christian Bale
79.2%
Adam West
17.1%
This city just showed you that it's full of people ready to believe in good. Christian Bale
77.3%
Adam West
19.5%
Those weren't street thugs, they were trained killers. I saved your life. In return I need to know what you did with Bruce Wayne's fingerprints. Christian Bale
76.8%
Adam West
19.8%
People who stay in glass hotels shouldn’t throw parties. Adam West
74.1%
Christian Bale
22.8%
You were excommunicated by a gang of psychopaths! Christian Bale
66.3%
Adam West
30%

Today's Daily Dose

You're not logged in!

Compare scores with friends on all Sporcle quizzes.
OR
Log In

Sporcle TV

Today on Sporcle TV


Watch our educational content, quiz creation guides, and fun videos on Sporcle TV.

Show Comments

Extras

Top Quizzes Today


Score Distribution

Your Account Isn't Verified!

In order to create a playlist on Sporcle, you need to verify the email address you used during registration. Go to your Sporcle Settings to finish the process.

Report this User

Report this user for behavior that violates our Community Guidelines.

Details: